00651nam a2200205 a 450000100060000000300090000600800410001502000150005604000280007108200180009910000260011724500620014326000300020530000110023550500810024665000240032765000260035165000330037765000350041022725CO-ViMGA141112s2004 ck r 000 u spa d a9586641716 aCO-ViMGAbspacCO-ViMGA04a336.9861 B1711 aEchavarria, Juan Jose10aBases para una reforma tributaria estructural en colombia aColombia : bFedesarrollo a600 p. aDeuda y perspectivas fiscales, Reformas de impuestos, Descentralización14aHACIENDA PÚBLICA 14aIMPUESTOS - COLOMBIA 14aPolítica FISCAL - COLOMBIA14aREFORMA TRIBUTARIA - COLOMBIA